000
00275nam a2200109Ia 4500
008
220204s9999 xx 000 0 und d
020
_a
ISSN:09752250
082
_a
0582011
_b
MAN
245
0
_a
Manorama yearbook 2011
260
_a
Kottayam
_b
Malayala Manorama
_c
2011
942
_c
BK
999
_c
42977
_d
42977